| 000 | 00000nas 2200000za 4500 |
| 001 | 9.832953 |
| 003 | CaOODSP |
| 005 | 20221107150115 |
| 007 | cr ||||||||||| |
| 008 | 170223d19831984oncar p oss f0###a0eng|d |
| 022 | |y0828-9824 |
| 040 | |aCaOODSP|beng |
| 041 | |aeng|afre |
| 043 | |an-cn--- |
| 086 | 1 |aCS43-206-PDF |
| 245 | 00|aCommunications and other electronic equipment industries |h[electronic resource] / |cStatistics Canada, Industry Division, Census of Manufactures Section = Industries de l'équipement de communication et d'autre matériel électronique / Statistique Canada, Division de l'industrie, Section du recensement des manufactures. |
| 246 | 11|aIndustries de l'équipement de communication et d'autre matériel électronique |
| 260 | |a[Ottawa] : |bStatistics Canada = Statistique Canada, |c1985-1986. |
| 310 | |aAnnual |
| 362 | 0 |a1983-1984. |
| 490 | 0 |aAnnual census of manufactures = Recensement annuel des manufactures |
| 500 | |aDigitized edition from print [produced by Statistics Canada]. |
| 546 | |aText in English and French. |
| 580 | |aMerged with: Electrical industrial equipment industries; Communications and energy wire and cable industry; Appliances, radio and television manufacturers; and, Miscellaneous electrical industries, to become: Electrical and electronic products industries. |
| 692 | 07|2gccst|aCommunications equipment |
| 692 | 07|2gccst|aStatistics |
| 710 | 1 |aCanada. |bStatistics Canada. |bCensus of Manufactures Section. |
| 780 | 00|tCommunications equipment manufacturers |w(CaOODSP)9.832945 |
| 785 | 00|tElectrical and electronic products industries |w(CaOODSP)9.833030 |
| 792 | |tCommunications and other electronic equipment industries |efre|w(CaOODSP)9.832955 |